| 000 | 00520nam a2200181Ia 4500 | ||
|---|---|---|---|
| 008 | 240925s9999 xx 000 0 und d | ||
| 020 | _a8176565504 | ||
| 082 | _a005.133 MUK | ||
| 100 | _aMukhi, Vijay; Ramchand, Vikram | ||
| 245 | 0 | _aXML Web Services and SOAP: the .net odyssey | |
| 250 | _aNA | ||
| 260 |
_aNew Delhi: _bBPB Publication _c,2002. |
||
| 300 |
_a922p. _bNA _fOriginal |
||
| 500 | _aIncludes Index | ||
| 600 | _aComputer Science | ||
| 650 | _aComputer science, information & general works | ||
| 942 | _cBK | ||
| 999 |
_c7091 _d7091 |
||